书目信息 |
| 题名: |
工程心理学与人的作业
|
|
| 作者: | 威肯斯 , 霍兰兹 著 ;朱祖祥 译 | |
| 分册: | ||
| 出版信息: | 上海 华东师范大学出版社 2003 |
|
| 页数: | 13,729页 | |
| 开本: | 23cm | |
| 丛书名: | 当代心理科学名著译丛 | |
| 单 册: | ||
| 中图分类: | TB18 | |
| 科图分类: | ||
| 主题词: | 工程心理学 | |
| 电子资源: | ||
| ISBN: | 7-5617-3214-7 | |
| 000 | 01067oam2 2200277 450 | |
| 001 | 1556618804 | |
| 005 | 20150128154415.84 | |
| 010 | @a7-5617-3214-7@dCNY66.00 | |
| 100 | @a20030620d2003 em y0chiy50 ea | |
| 101 | 1 | @achi@ceng |
| 102 | @aCN@b310000 | |
| 105 | @ay z 001yy | |
| 200 | 1 | @a工程心理学与人的作业@9gong cheng xin li xue yu ren de zuo ye@f( )C·D·威肯斯(Christopher D.Wichens),( )J·G·霍兰兹(Justin Hollands)著@g朱祖祥等译 |
| 210 | @a上海@c华东师范大学出版社@d2003 | |
| 215 | @a13,729页@d23cm | |
| 225 | 2 | @a当代心理科学名著译丛 |
| 305 | @a据原书第3版译出 | |
| 330 | @a本书以人的认知信息加工心理学为基础,系统阐述与工程技术设计相关的心理学问题,所引用文献大多反映最近10年来美国工程心理学界的研究成果。 | |
| 461 | 0 | @12001 @a当代心理科学名著译丛 |
| 606 | 0 | @a工程心理学 |
| 690 | @aTB18@v5 | |
| 701 | 0 | @c(美)@a威肯斯@9wei ken si@c(Wichens, Christopher D.)@4著 |
| 701 | 0 | @c(美)@a霍兰兹@9huo lan zi@c(Hollands, Justin)@4著 |
| 702 | 0 | @a朱祖祥@9zhu zu xiang@f(1927.11~)@4译 |
| 801 | 0 | @aCN@bTSSF@c20150128 |
| 905 | @aZUCC@dTB18@eJY1 | |
| 工程心理学与人的作业/( )C·D·威肯斯(Christopher D.Wichens),( )J·G·霍兰兹(Justin Hollands)著/朱祖祥等译.-上海:华东师范大学出版社,2003 |
| 13,729页;23cm.-(当代心理科学名著译丛) |
| ISBN 7-5617-3214-7:CNY66.00 |
| 本书以人的认知信息加工心理学为基础,系统阐述与工程技术设计相关的心理学问题,所引用文献大多反映最近10年来美国工程心理学界的研究成果。 |
| ● |
| 相关链接 |
|
|
|
|
正题名:工程心理学与人的作业
索取号:TB18/JY1
 
预约/预借
| 序号 | 登录号 | 条形码 | 馆藏地/架位号 | 状态 | 备注 |
| 1 | 7844470 | 278444701 | 学院路分馆/ [索取号:TB18/JY1] | 在馆 |